Normal view
MARC view
- SHEIKH, SHAFFAA AHSAN
Entry Personal Name
001 - CONTROL NUMBER
- control field: 120247
003 - CONTROL NUMBER IDENTIFIER
- control field: NUST
005 - DATE AND TIME OF LATEST TRANSACTION
- control field: 20240202094604.0
008 - FIXED-LENGTH DATA ELEMENTS
- fixed length control field: 240202|| aca||aabn | a|a d
040 ## - CATALOGING SOURCE
- Original cataloging agency: NUST
- Transcribing agency: NUST
100 ## - HEADING--PERSONAL NAME
- Personal name: SHEIKH, SHAFFAA AHSAN
670 ## - SOURCE DATA FOUND
- Source citation: Work cat.: (NUST): SHEIKH, SHAFFAA AHSAN, EXPLORING THE DISCOURSE OF CLIMATE CHANGE LITIGATION CHALLENGES FOR GLOBAL SOUTH CASE STUDY OF PAKISTAN/
